000 00812nam a2200301Ia 4500
001 7267
005 20240113234006.0
007 ta
008 050704s1987 a g b000 u eng u
020 _cHB
040 _aCoptton College,Assa
041 _aeng
_hRussian
082 _a550.9
_bSo 41 Ge
100 _aSolovov, A.P. .
245 0 _aGeochemical Prospecting for Mineral Deposits /
_cA.P. Solovov.
_hTextual Documents
250 _a1st ed. /
260 _aMoscow :
_bMir Publishers ,
_c1987.
300 _a287p. :
_bill. ;
_c22cm .
500 _aTranslated from the Russian by V.V. Kuznetsov
504 _aIndex
653 _aGeology
653 _aGeochemistry
653 _aMineral deposits
653 _aPG-Geology
942 _2ddc
_cBK
999 _c7254
_d7254